Statistics for Members of the Hockey Triple Gold Club

Click here to take the quiz!

General Stats

  • This quiz has been taken 24 times
  • The average score is 12 of 29

Answer Stats

CountryStanley Cup TeamPlayer% Correct
SwedenDetroit Red WingsNicklas Lidström
86%
CanadaPittsburgh PenguinsSidney Crosby
86%
Czech RepublicPittsburgh PenguinsJaromír Jágr
81%
CanadaColorado AvalancheJoe Sakic
81%
CanadaChicago BlackhawksJonathan Toews
81%
CanadaAnaheim DucksCorey Perry
71%
SwedenDetroit Red WingsHenrik Zetterberg
67%
CanadaBoston BruinsPatrice Bergeron
62%
SwedenColorado AvalanchePeter Forsberg
62%
CanadaCarolina HurricanesEric Staal
52%
CanadaDetroit Red WingsBrendan Shanahan
48%
CanadaAnaheim DucksChris Pronger
48%
RussiaDetroit Red WingsPavel Datsyuk
48%
CanadaColorado AvalancheRob Blake
43%
USSRDetroit Red WingsIgor Larionov
38%
CanadaDetroit Red Wings, Anaheim DucksScott Niedermayer
38%
USSRDetroit Red WingsViacheslav Fetisov
38%
SwedenCalgary FlamesHåkan Loob
29%
SwedenMontreal CanadiensMats Näslund
29%
SwedenDetroit Red WingsNiklas Kronwall
29%
CanadaSt. Louis BluesJay Bouwmeester
19%
USSRColorado AvalancheValeri Kamensky
19%
USSRColorado AvalancheAlexei Gusarov
14%
SwedenTampa Bay LightningFredrik Modin
14%
Czech RepublicDetroit Red WingsJiří Šlégr
10%
SwedenNew York IslandersTomas Jonsson
10%
SwedenDetroit Red WingsMikael Samuelsson
5%
USSRNew Jersey DevilsVladimir Malakhov
5%
USSRNew Jersey DevilsAlexander Moligny
0%

Score Distribution

Percentile by Number Answered

Percent of People with Each Score

Your Score History

You have not taken this quiz